000
00253nam a22001097a 4500
020
_a
9780810970687
100
_a
Jeff Kinney
245
_a
Diary of a Wimpy Kid: Cabin Fever
260
_a
New York
_b
Amulet Books
_c
2009
300
_a
216 pgs
942
_c
BK
999
_c
260643
_d
260642